Los Guardianes de las llaves : (Record no. 61461)
[ view plain ]
| 000 -LEADER | |
|---|---|
| fixed length control field | 00933cam a2200241 4500 |
| 005 - DATE AND TIME OF LATEST TRANSACTION | |
| control field | 20150813135905.0 |
| 008 - FIXED-LENGTH DATA ELEMENTS--GENERAL INFORMATION | |
| fixed length control field | 150813b mx ||||| |||| 00| 0 spa d |
| 020 ## - INTERNATIONAL STANDARD BOOK NUMBER | |
| International Standard Book Number | 9684233043 |
| 050 04 - LIBRARY OF CONGRESS CALL NUMBER | |
| Classification number | BX1389 |
| Item number | W96 1993 |
| 100 1# - MAIN ENTRY--PERSONAL NAME | |
| Personal name | Wynn, Wilton |
| 245 04 - TITLE STATEMENT | |
| Title | Los Guardianes de las llaves : |
| Remainder of title | Juan XXIII Paulo VI, Juan Pablo II tres que cambiaron la iglesia / |
| Statement of responsibility, etc | Wilton Wynn. |
| 250 ## - EDITION STATEMENT | |
| Edition statement | 1a ed. |
| 260 ## - PUBLICATION, DISTRIBUTION, ETC. (IMPRINT) | |
| Place of publication, distribution, etc | México : |
| Name of publisher, distributor, etc | JUS, |
| Date of publication, distribution, etc | 1993 |
| 300 ## - PHYSICAL DESCRIPTION | |
| Extent | 323 p. ; |
| Dimensions | 21 cm. |
| 500 ## - GENERAL NOTE | |
| General note | 1 ejemplar |
| 504 ## - BIBLIOGRAPHY, ETC. NOTE | |
| Bibliography, etc | Incluye índice |
| 600 17 - SUBJECT ADDED ENTRY--PERSONAL NAME | |
| Source of heading or term | LEMB |
| Personal name | XXIII, Juan, |
| Titles and other words associated with a name | Papa, |
| Dates associated with a name | [1881-1963] |
| Fuller form of name | Angelo Giuseppe Roncalli |
| General subdivision | Biografía |
| 600 17 - SUBJECT ADDED ENTRY--PERSONAL NAME | |
| Source of heading or term | LEMB |
| Personal name | VI, Paulo, |
| Titles and other words associated with a name | Papa, |
| Dates associated with a name | [1897-1978], |
| Fuller form of name | Giovanni Battista Enrico Antonio Maria Montini |
| General subdivision | Biografía |
| 600 17 - SUBJECT ADDED ENTRY--PERSONAL NAME | |
| Source of heading or term | LEMB |
| Personal name | II, Juan Pablo, |
| Titles and other words associated with a name | Papa, |
| Dates associated with a name | [1920-2005], |
| Fuller form of name | [Karol Józef Wojtyła] |
| General subdivision | Biografía |
| 650 #7 - SUBJECT ADDED ENTRY--TOPICAL TERM | |
| Source of heading or term | LEMB |
| Topical term or geographic name as entry element | Papas |
| General subdivision | Biografia |
| Chronological subdivision | Siglo XX |
| 700 1# - ADDED ENTRY--PERSONAL NAME | |
| Personal name | Meneses Morales, Ernesto, |
| Relator term | tr. |
| 942 ## - ADDED ENTRY ELEMENTS (KOHA) | |
| Source of classification or shelving scheme | Biblioteca del Cogreso de los Estados Unidos |
| Koha item type | Libro |
| Estado de pérdida | Fuente de clasificación | Estado del daño | No para préstamo | Ubicación permanente | Ubicación actual | Apartado o colección | Fecha de adquisición | Edición | Dependencia de educación superior (DES) | Área del conocimiento | Clasificación | Código de Barras | Date last seen | Número de copia | Tipo de recurso | Nota pública |
|---|---|---|---|---|---|---|---|---|---|---|---|---|---|---|---|---|
| Biblioteca del Cogreso de los Estados Unidos | Biblioteca del Instituto de Investigaciones Históricas | Biblioteca del Instituto de Investigaciones Históricas | General | 13/08/2015 | 1a ed. | Humanidades | Educación y Humanidades | BX1389 W96 1993 | IIH000013365 | 13/08/2015 | C: 1 | Libro | GENERAL |